Kláštor na pútnickej ceste
Saved in:
| Main Author: | |
|---|---|
| Other Authors: | |
| Format: | Manuscript Book |
| Language: | Slovak |
| Published: |
2025
|
| Subjects: | |
| Online Access: | http://is.stuba.sk/zp/portal_zp.pl?podrobnosti=184637 CRZP |
| Tags: |
No Tags, Be the first to tag this record!
|
MARC
| LEADER | 00000ntm a22000003a 4500 | ||
|---|---|---|---|
| 001 | stuzp105522 | ||
| 003 | SK-STU | ||
| 005 | 20250729143437.9 | ||
| 007 | ta | ||
| 008 | 150427s2015----xo-----f-mn---000-0-slo-d | ||
| 040 | |a STU |b slo | ||
| 041 | 0 | |a slo | |
| 100 | 1 | |a Novotná, Tereza |u 010310 |4 aut |U SvF Stavebná fakulta |T SvF Katedra architektúry |X 103681 |U V181|V310 |Y 19 |7 103681 | |
| 242 | 0 | 1 | |a Monastery on the pilgrimage route |y eng |
| 245 | 1 | 0 | |a Kláštor na pútnickej ceste |
| 260 | |c 2025 | ||
| 650 | 4 | |a monk |2 eng | |
| 650 | 4 | |a chapel |2 eng | |
| 650 | 4 | |a pilgrimage route |2 eng | |
| 650 | 4 | |a brewery |2 eng | |
| 650 | 4 | |a monastery |2 eng | |
| 650 | 4 | |a mních |2 slo | |
| 650 | 4 | |a kaplnka |2 slo | |
| 650 | 4 | |a pútnicka cesta |2 slo | |
| 650 | 4 | |a pivovar |2 slo | |
| 650 | 4 | |a kláštor |2 slo | |
| 700 | 1 | |a Hermann, Juraj |u 010310 |k Z8 |4 ths |U SvF Stavebná fakulta |T SvF Katedra architektúry |X 95063 |U V181|V310 |Y 19 |7 95063 | |
| 856 | 4 | |u http://is.stuba.sk/zp/portal_zp.pl?podrobnosti=184637 | |
| 856 | 4 | |u https://opac.crzp.sk/?fn=detailBiblioForm&sid=809C367C54749DCAA142A9FF7E5A |z CRZP | |